| 000 | 00462nam a22001697a 4500 | ||
|---|---|---|---|
| 003 | OSt | ||
| 008 | 260512b |||||||| |||| 00| 0 eng d | ||
| 082 |
_a633.18 _bA28S |
||
| 100 | _aPrasad, Akhilesh | ||
| 245 | _aStudies on the Effect of Plant Density and Weed Managment of Weeds and Yield of Tranplanted Paddy | ||
| 260 |
_aPusa, Samastipur _bRAu _c1992 |
||
| 300 | _a141P. | ||
| 502 |
_bMsc. _d1992 |
||
| 650 | _aAgronomy | ||
| 650 | _aMsc. | ||
| 942 |
_2ddc _cT |
||
| 999 |
_c50540 _d50540 |
||